Use of Netnography in Contemporary Marketing Research

Netnografia, online kvalitatívna výskumná metóda, ktorá sa vyvinula z etnografie, predtým typicky používanej v antropológii, zažíva svoj boom v súčasnom marketingovom výskume na celom svete. Pomáha odpovedať na výskumné otázky o rôznych témach a používa sa mnohými rôznymi spôsobmi. Preto je každá ne...

Descrizione completa

Salvato in:
Dettagli Bibliografici
Autore principale: Kopaničová, Janka, 1979-
Altri autori: Klepochová, Dagmar, 1968-, Francová, Zuzana, 1971-
Natura: Capitolo di libro
Lingua:inglese
Soggetti:
Tags: Aggiungi Tag
Nessun Tag, puoi essere il primo ad aggiungerne!!

MARC

LEADER 00000naa a2200000 4500
001 0289721
005 20240502083930.6
041 0 |a eng 
044 |a CZ 
245 1 0 |a Use of Netnography in Contemporary Marketing Research  |c Janka Kopaničová, Dagmar Klepochová, Zuzana Francová 
520 |a Netnografia, online kvalitatívna výskumná metóda, ktorá sa vyvinula z etnografie, predtým typicky používanej v antropológii, zažíva svoj boom v súčasnom marketingovom výskume na celom svete. Pomáha odpovedať na výskumné otázky o rôznych témach a používa sa mnohými rôznymi spôsobmi. Preto je každá netnografická štúdia jedinečná nielen obsahovo, ale aj prístupom k použitiu metódy. V prezentovanom príspevku bola aplikovaná výskumná metóda prípadovej štúdie s cieľom identifikovať najlepšie praktiky súčasného marketingového výskumu pri využívaní netnografie. Na základe analýzy vybraných článkov publikovaných v recenzovaných akademických časopisoch práca definuje znaky výskumného problému vhodného pre aplikáciu netnografie, typický proces a jeho odchýlky, ako aj základné kritériá použitia. 
610 2 0 |a výskum ekonomický 
610 2 0 |a výskum kvantitatívny 
610 2 0 |a spotrebitelia 
610 2 0 |a marketing 
100 1 |a Kopaničová, Janka, 1979- 
700 1 |a Klepochová, Dagmar, 1968- 
700 1 |a Francová, Zuzana, 1971-